| 000 | 00439nam a22001697a 4500 | ||
|---|---|---|---|
| 003 | NUST - PNEC | ||
| 005 | 20170116181009.0 | ||
| 008 | 150913b xxu||||| |||| 00| 0 eng d | ||
| 020 | _a- | ||
| 040 | _cLIBRARY | ||
| 082 | _a510.018 ALB | ||
| 100 |
_910041 _aAlbrecht, Robert L. |
||
| 245 |
_aComputer methods in mathematics _cRobert L. Albrecht |
||
| 260 | _cc.1969 | ||
| 650 |
_910042 _aMathematics, Computer _xMIS |
||
| 942 |
_2ddc _cBK |
||
| 999 |
_c67019 _d67019 |
||